000 00887nam a2200265 i 4500
001 5618
003 ES-MaACL
005 20250814013813.0
007 t|
008 880110s1987 xxka |||| | eng d
020 _a0-7476-0003-1
080 _a001.891(060.6)
080 _a608(060.6)
245 0 0 _aSpirit of enterprise
_b: the 1987 Rolex Awards /
_cforeword by George Van B. Cochran ; preface by Andre J.Heiniger ; edited by David W.Reed.
260 _aWokingham, Berkshire :
_bVaan Nostrand Reinhold,
_c1987.
300 _aXX, 460 P. :
_bil. col. y n. ;
_c24 cm.
650 0 4 _aInventos.
_913884
650 0 7 _aCiencias
_2embne
_910971
700 1 _aCochran, George van B.
_939401
700 1 _aHeiniger, Andre J.
_9194853
700 1 _aReed, David W.
_9167597
852 _aES-MaACL
_jL-12410
_z- Enc. plast.
852 _aES-MaACL
_jL-12484
999 _c5618
_d5618